000 00339nam a2200133Ia 4500
008 231017s9999 xx 000 0 und d
082 _a624
082 _bCRS
245 0 _a"Publications, Software and Technical Resources for Design and Construction Professional"
245 0 _cCRSI
260 _bCRSI
300 _c30cm
942 _cREP
999 _c604063
_d604063